Automated Experimentation (Запис № 459799)

МАРК-запис
000 -LEADER
fixed length control field 01227nas a22003255i 4500
001 - CONTROL NUMBER
control field 1759-4499
003 - CONTROL NUMBER IDENTIFIER
control field DE-He213
005 - DATE AND TIME OF LATEST TRANSACTION
control field 20220321111613.0
007 - PHYSICAL DESCRIPTION FIXED FIELD--GENERAL INFORMATION
fixed length control field cr nn 008mamaa
008 - FIXED-LENGTH DATA ELEMENTS--GENERAL INFORMATION
fixed length control field 150723s||||||||xxkuu poo|||||| b|EN |d
022 ## - INTERNATIONAL STANDARD SERIAL NUMBER
International Standard Serial Number 1759-4499
024 7# - OTHER STANDARD IDENTIFIER
Standard number or code 13097
Source of number or code local
210 10 - ABBREVIATED TITLE
Abbreviated title Autom Exp
245 10 - TITLE STATEMENT
Title Automated Experimentation
Medium [electronic resource] /
Statement of responsibility, etc edited by Siu-wai Leung, Dave Robertson, Dietlind L Gerloff.
264 #1 -
-- London :
-- BioMed Central :
-- Imprint: BioMed Central.
300 ## - PHYSICAL DESCRIPTION
Other physical details online resource.
650 #0 - SUBJECT ADDED ENTRY--TOPICAL TERM
Topical term or geographic name as entry element Bioinformatics.
650 #0 - SUBJECT ADDED ENTRY--TOPICAL TERM
Topical term or geographic name as entry element Medicine—Research.
650 #0 - SUBJECT ADDED ENTRY--TOPICAL TERM
Topical term or geographic name as entry element Biology—Research.
650 #0 - SUBJECT ADDED ENTRY--TOPICAL TERM
Topical term or geographic name as entry element Bioinformatics.
650 14 - SUBJECT ADDED ENTRY--TOPICAL TERM
Topical term or geographic name as entry element Computational and Systems Biology.
650 24 - SUBJECT ADDED ENTRY--TOPICAL TERM
Topical term or geographic name as entry element Biomedical Research.
650 24 - SUBJECT ADDED ENTRY--TOPICAL TERM
Topical term or geographic name as entry element Computational and Systems Biology.
700 1# - ADDED ENTRY--PERSONAL NAME
Personal name Leung, Siu-wai.
Relator term editor.
Relator code edt
-- http://id.loc.gov/vocabulary/relators/edt
700 1# - ADDED ENTRY--PERSONAL NAME
Personal name Robertson, Dave.
Relator term editor.
Relator code edt
-- http://id.loc.gov/vocabulary/relators/edt
700 1# - ADDED ENTRY--PERSONAL NAME
Personal name Gerloff, Dietlind L.
Relator term editor.
Relator code edt
-- http://id.loc.gov/vocabulary/relators/edt
710 2# - ADDED ENTRY--CORPORATE NAME
Corporate name or jurisdiction name as entry element SpringerLink (Online service)
856 40 - ELECTRONIC LOCATION AND ACCESS
Uniform Resource Identifier <a href="https://aejournal.biomedcentral.com/">https://aejournal.biomedcentral.com/</a>
Public note Open Access

Немає доступних примірників.